Statystyki dla Najludniejsze miasta według kontynentu

Kliknij tutaj aby rozwiązać quiz!

Ogólne statystyki

  • Ten quiz został rozwiązany 5 102 razy
  • Średni wynik to 17 z 30

Statystyki odpowiedzi

KontynentLudnośćMiasto% Poprawnych
Europa17,0 mlnMoskwa
94%
Europa14,6 mlnLondyn
93%
Europa11,3 mlnParyż
92%
Ameryka Północna22,2 mlnNowy Jork
87%
Azja39,9 mlnTokio
86%
Europa6,35 mlnMadryt
82%
Oceania5,00 mlnSydney
81%
Afryka18,2 mlnKair
77%
Ameryka Północna17,7 mlnLos Angeles
75%
Ameryka Południowa12,8 mlnRio de Janeiro
75%
Ameryka Północna22,6 mlnMeksyk
71%
Europa14,8 mlnStambuł
71%
Ameryka Południowa16,1 mlnBuenos Aires
67%
Azja29,5 mlnSzanghaj
60%
Ameryka Południowa22,1 mlnSao Paulo
56%
Azja28,4 mlnDelhi
54%
Ameryka Północna9,75 mlnChicago
53%
Ameryka Północna8,50 mlnWaszyngton
49%
Ameryka Południowa9,65 mlnBogota
45%
Oceania4,55 mlnMelbourne
45%
Ameryka Południowa10,3 mlnLima
41%
Afryka13,4 mlnJohannesburg
38%
Afryka18,2 mlnLagos
37%
Azja30,3 mlnDżakarta
35%
Azja45,6 mlnKanton
35%
Oceania2,00 mlnPerth
32%
Afryka11,6 mlnKinszasa
29%
Oceania1,55 mlnAuckland
25%
Oceania2,95 mlnBrisbane
18%
Afryka7,65 mlnLuanda
12%

Rozkład punktacji

Percentyl według liczby udzielonych odpowiedzi

Procent ludzi z każdym wynikiem

Twoja historia wyników

Nie rozwiązałeś tego quizu